000 00412cam a2200181ua 4500
001 8662
008 150210n xxk |||gr||||Z||||||eng
020 _a9780099573036
040 _cMAIN
041 _aeng
082 _a823N
100 _aStevenson, R. L.,
_eAuthor.
245 1 _aTrerasure Island
_cBy R. L. Stevenson
250 _a1st.
260 _aLondon:
_bVintage,
_c2008.
300 _a324p.
942 _cBK
999 _c7760
_d7760